[Event "33.Schlosspark-Open"]
[Site "Wiesbaden-Biebrich"]
[Date "2024.08.25"]
[Round "6.23"]
[White "Burkhardt, Jan"]
[Black "Regis, Georg"]
[Result "1/2-1/2"]
[WhiteElo "1926"]
[BlackElo "2079"]
[PlyCount "109"]
[EventDate "2024.08.22"]
[WhiteTeam "Sfr.Mainz 1928"]
[BlackTeam "Vorw.Orient Mainz"]

1. e4 c6 2. d4 d5 3. Nc3 dxe4 4. Nxe4 Bf5 5. Ng3 Bg6 6. Nf3 Nd7 7. Bd3 Ngf6 8. Bxg6 hxg6 9. c3 Qc7 10. Qb3 e6 11. Bd2 Bd6 12. c4 O-O-O 13. O-O-O Ng4 14. Ne4 Bf4 15. h3 Ndf6 16. Nxf6 Nxf6 17. Rhe1 g5 18. Bxf4 Qxf4+ 19. Qe3 Qxe3+ 20. Rxe3 Nh7 21. Ne5 Rhf8 22. Kc2 Nf6 23. f3 Kc7 24. b4 Nh5 25. a4 Ng3 26. b5 Nf5 27. Red3 f6 28. Ng4 Rd7 29. Ne3 Ne7 30. Kc3 Rfd8 31. Nc2 Nf5 32. Ne3 Nh4 33. R1d2 Ng6 34. g3 f5 35. Nc2 f4 36. bxc6 bxc6 37. Nb4 fxg3 38. Na6+ Kb6 39. Nc5 Nf4 40. Nxd7+ Rxd7 41. Rb2+ Ka5 42. Rdd2 Rf7 43. d5 exd5 44. cxd5 Nxd5+ 45. Kc4 Rxf3 46. Kc5 Nb4 47. Rxb4 Rf5+ 48. Kxc6 Kxb4 49. Rd4+ Kc3 50. Rg4 Rf3 51. Kb7 a5 52. Kb6 Kd2 53. Kxa5 Ke2 54. Rxg5 Kf2 55. Rxg7 1/2-1/2

[Event "33.Schlosspark-Open"]
[Site "Wiesbaden-Biebrich"]
[Date "2024.08.25"]
[Round "6.24"]
[White "Weber, Nikita"]
[Black "Schmitt, Carsten"]
[Result "1-0"]
[WhiteElo "2078"]
[BlackElo "1926"]
[PlyCount "59"]
[EventDate "2024.08.22"]
[WhiteTeam "Vorw.Orient Mainz"]
[BlackTeam "SV Bergwinkel"]

1. Nf3 Nf6 2. c4 e6 3. e3 d5 4. b3 c5 5. Bb2 Nc6 6. cxd5 exd5 7. Bb5 Bg4 8. h3 Bh5 9. O-O Be7 10. d3 O-O 11. Bxc6 bxc6 12. Nbd2 a5 13. Qc2 a4 14. Ne5 axb3 15. axb3 Qd6 16. f4 Rxa1 17. Bxa1 Ne8 18. g4 f6 19. Nef3 Bf7 20. Nh4 g6 21. Rc1 h5 22. d4 Qe6 23. Nf1 hxg4 24. Nxg6 gxh3 25. Nxf8 Qg4+ 26. Kh1 Bxf8 27. Ng3 Nd6 28. Rg1 Bg7 29. dxc5 Bg6 30. Qe2 1-0

[Event "33.Schlosspark-Open"]
[Site "Wiesbaden-Biebrich"]
[Date "2024.08.25"]
[Round "6.25"]
[White "Schulze, Nick"]
[Black "Heindrich, Mark"]
[Result "1-0"]
[WhiteElo "1900"]
[BlackElo "2058"]
[PlyCount "77"]
[EventDate "2024.08.22"]
[WhiteTeam "SV Rochade Magdeburg 96"]
[BlackTeam "SAbt TuS Dotzheim"]

1. e4 c6 2. d4 d5 3. Nc3 g6 4. e5 Bg7 5. f4 h5 6. Nf3 Bg4 7. h3 Bxf3 8. Qxf3 e6 9. g3 Qb6 10. Qf2 Ne7 11. Bd3 Nd7 12. Bd2 Nf5 13. Bxf5 gxf5 14. O-O-O O-O-O 15. Ne2 Rdg8 16. Ng1 Bf8 17. Nf3 Be7 18. Be3 Qa6 19. Kb1 Nb6 20. g4 fxg4 21. hxg4 hxg4 22. Ng5 Rxh1 23. Rxh1 Rg7 24. Qh2 Kd7 25. Qh8 Rxg5 26. fxg5 Qe2 27. Bc1 g3 28. Qh3 Qe4 29. Qh4 Qf3 30. Rg1 g2 31. Qh2 Qe4 32. Qf4 Qe2 33. Qd2 Qb5 34. Qxg2 Nc4 35. b3 c5 36. Qf1 cxd4 37. Ka1 Bb4 38. Qxf7+ Kd8 39. Rh1 1-0

[Event "33.Schlosspark-Open"]
[Site "Wiesbaden-Biebrich"]
[Date "2024.08.25"]
[Round "6.26"]
[White "Stephanblome, Felix"]
[Black "Puschendorf, Steffen"]
[Result "1/2-1/2"]
[WhiteElo "1925"]
[BlackElo "2041"]
[PlyCount "77"]
[EventDate "2024.08.22"]
[WhiteTeam "SV 1934 Ffm-Griesheim"]
[BlackTeam "ESV Gera"]

1. d4 d5 2. c4 e6 3. Nc3 Nf6 4. cxd5 exd5 5. Bg5 Be7 6. e3 h6 7. Bf4 Bd6 8. Bxd6 Qxd6 9. Bd3 O-O 10. Qc2 c6 11. Nf3 Nbd7 12. O-O Re8 13. Rab1 a5 14. a3 Qe7 15. b4 axb4 16. axb4 Ne4 17. b5 Ra3 18. Bxe4 dxe4 19. Nd2 Nf6 20. bxc6 bxc6 21. Na4 Ba6 22. Nc4 Bxc4 23. Qxc4 Qd6 24. Rb7 Nd5 25. Qc5 Qxc5 26. Nxc5 f5 27. g3 g5 28. Rfb1 f4 29. Rb8 Rxb8 30. Rxb8+ Kf7 31. exf4 gxf4 32. Nxe4 Rd3 33. Rb7+ Kg6 34. Nc5 Rxd4 35. Ne6 Re4 36. Nxf4+ Nxf4 37. gxf4 Rxf4 38. Rc7 Rc4 39. Kg2 1/2-1/2

[Event "33.Schlosspark-Open"]
[Site "Wiesbaden-Biebrich"]
[Date "2024.08.25"]
[Round "6.27"]
[White "Pauls, Wilhelm"]
[Black "Lenz, Joshua"]
[Result "1/2-1/2"]
[WhiteElo "1921"]
[BlackElo "2038"]
[PlyCount "44"]
[EventDate "2024.08.22"]
[WhiteTeam "Sportgemeinschaft Kaarst 1912/35"]
[BlackTeam "TSV Schott Mainz"]

1. e4 c5 2. Nf3 a6 3. c4 Nc6 4. d4 cxd4 5. Nxd4 Nf6 6. Nc3 e5 7. Nc2 Bc5 8. Be2 d6 9. O-O h6 10. b4 Bxb4 11. Nxb4 Nxb4 12. Qa4+ Nc6 13. Rd1 O-O 14. Be3 Qe7 15. Rab1 Be6 16. Qa3 Rfd8 17. Rd2 Rd7 18. f3 Ne8 19. Na4 Rad8 20. Ra1 Kh8 21. Bf1 Kg8 22. Be2 Kh8 1/2-1/2

[Event "33.Schlosspark-Open"]
[Site "Wiesbaden-Biebrich"]
[Date "2024.08.25"]
[Round "6.28"]
[White "Henrich, David"]
[Black "Berberich, Christoph"]
[Result "0-1"]
[WhiteElo "2035"]
[BlackElo "1904"]
[PlyCount "92"]
[EventDate "2024.08.22"]
[WhiteTeam "SK 1980 Gernsheim"]
[BlackTeam "SK Freiburg-Zähringen 1887 e.V."]

1. c4 Nf6 2. Nc3 c5 3. g3 g6 4. Bg2 Bg7 5. e3 O-O 6. Nge2 Nc6 7. d4 cxd4 8. exd4 d6 9. O-O Bf5 10. h3 h5 11. b3 Qd7 12. Kh2 d5 13. Nxd5 Nxd5 14. cxd5 Nb4 15. Bd2 Nxd5 16. Rc1 Rac8 17. Re1 Rxc1 18. Bxc1 b5 19. Bd2 Rc8 20. Bxd5 Qxd5 21. Nf4 Qxd4 22. Be3 Qxd1 23. Rxd1 Rc2 24. Nd5 Be4 25. Nxe7+ Kf8 26. Nd5 Rxa2 27. Nb4 Rb2 28. Bxa7 Rxb3 29. Re1 f5 30. Rc1 Rb1 31. Rxb1 Bxb1 32. f3 Bc3 33. Nd5 Bd2 34. Bc5+ Kf7 35. Kg2 Bd3 36. Nb4 Bxb4 37. Bxb4 Ke6 38. Kf2 Kd5 39. Ke3 Bf1 40. Kd2 Bxh3 41. f4 Ke4 42. Be7 Kf3 43. Bh4 Bf1 44. Kc3 Bc4 45. Kb4 Kg4 46. Kc3 g5 0-1

[Event "33.Schlosspark-Open"]
[Site "Wiesbaden-Biebrich"]
[Date "2024.08.25"]
[Round "6.29"]
[White "Bischoff, Ulrich"]
[Black "Seidel, Jürgen"]
[Result "1/2-1/2"]
[WhiteElo "1919"]
[BlackElo "2031"]
[PlyCount "65"]
[EventDate "2024.08.22"]
[WhiteTeam "SF Eltville"]
[BlackTeam "SV 1920 Hofheim"]

1. d4 d6 2. Nf3 Nd7 3. c4 e5 4. Nc3 Ngf6 5. e4 Be7 6. Be2 O-O 7. O-O c6 8. Qc2 a6 9. h3 b5 10. cxb5 cxb5 11. a4 b4 12. dxe5 dxe5 13. Nd5 Nxd5 14. exd5 Bb7 15. Rd1 Bd6 16. Ng5 Nf6 17. Bf3 Rc8 18. Qd3 Qd7 19. Bg4 Qe7 20. Bxc8 Rxc8 21. Ne4 Nxd5 22. Nxd6 Qxd6 23. Be3 Qe6 24. Rac1 Rxc1 25. Rxc1 f5 26. Qc4 h6 27. Rd1 Kh7 28. a5 Qd6 29. Qc5 Qe6 30. Qa7 Qc6 31. Qc5 Qe6 32. Qa7 Qc6 33. Qc5 1/2-1/2

[Event "33.Schlosspark-Open"]
[Site "Wiesbaden-Biebrich"]
[Date "2024.08.25"]
[Round "6.31"]
[White "Musiienko, Platon"]
[Black "Pioch, Thomas"]
[Result "1/2-1/2"]
[WhiteElo "1913"]
[BlackElo "2016"]
[PlyCount "74"]
[EventDate "2024.08.22"]
[WhiteTeam "Wiesbadener SV 1885"]
[BlackTeam "SC Flörsheim 1921"]

1. e4 e6 2. d4 d5 3. Nd2 dxe4 4. Nxe4 Nd7 5. Nf3 Ngf6 6. Nxf6+ Nxf6 7. Bg5 Be7 8. Be2 O-O 9. O-O c5 10. dxc5 Bxc5 11. Qxd8 Rxd8 12. Rad1 Rxd1 13. Rxd1 Be7 14. c4 Kf8 15. Ne5 Ne4 16. Bxe7+ Kxe7 17. Bf3 Nc5 18. b4 f6 19. bxc5 fxe5 20. Be4 h6 21. Kf1 a5 22. Ke2 Ra7 23. Ke3 Bd7 24. Rb1 Bc8 25. c6 bxc6 26. Bxc6 Rc7 27. Bb5 Bb7 28. Rd1 g5 29. f3 Ba8 30. h4 Bb7 31. hxg5 hxg5 32. Rh1 Kd6 33. Rh5 Rg7 34. g3 Rf7 35. Rxg5 Rxf3+ 36. Kd2 Ra3 37. Rg7 Rxa2+ 1/2-1/2

[Event "33.Schlosspark-Open"]
[Site "Wiesbaden-Biebrich"]
[Date "2024.08.25"]
[Round "6.32"]
[White "Makilla, Tobias"]
[Black "Hendriks, Theo"]
[Result "1/2-1/2"]
[WhiteElo "1910"]
[BlackElo "2014"]
[PlyCount "152"]
[EventDate "2024.08.22"]
[WhiteTeam "SC 1979 Hattersheim"]
[BlackTeam "SV Amstel"]

1. e4 c5 2. Nf3 Nc6 3. d4 cxd4 4. Nxd4 Nf6 5. Nc3 e5 6. Ndb5 d6 7. Nd5 Nxd5 8. exd5 Ne7 9. c4 Nf5 10. Bd3 Be7 11. O-O a6 12. Nc3 O-O 13. Kh1 g6 14. f4 f6 15. Bd2 Bd7 16. b4 b6 17. Qb3 Nd4 18. Qb2 f5 19. fxe5 dxe5 20. Be3 Bf6 21. Bxd4 exd4 22. Ne2 Qe7 23. Rad1 Rfc8 24. Rfe1 Qg7 25. Qd2 h6 26. Qf4 Be5 27. Qf2 a5 28. a3 axb4 29. axb4 Ra3 30. Nf4 Bf6 31. Ne6 Qh8 32. Qg3 Kh7 33. Qd6 Ba4 34. Ra1 Rxa1 35. Rxa1 Qe8 36. Qxb6 Kh8 37. Nf4 Kg7 38. Qb7+ Bd7 39. Ne6+ Kg8 40. Nc5 Rd8 41. b5 Qe7 42. Nxd7 Rxd7 43. Qc6 Ra7 44. Qc8+ Kg7 45. Rxa7 Qxa7 46. Qa6 Qe7 47. Qe6 Qxe6 48. dxe6 Be7 49. b6 Kf6 50. c5 Bxc5 51. b7 Ba7 52. Bc4 d3 53. g3 d2 54. Bb3 d1=Q+ 55. Bxd1 Kxe6 56. Kg2 Ke5 57. Kf3 g5 58. h4 Bb8 59. Bb3 Kd4 60. Be6 Ke5 61. Bd7 f4 62. gxf4+ gxf4 63. Kg4 Kf6 64. Kh5 Kg7 65. Bg4 Bc7 66. Bf3 Bb8 67. Kg4 Kf6 68. Bg2 Bc7 69. Kf3 Kg6 70. Kg4 Kf6 71. h5 Bb8 72. Be4 Bc7 73. Kf3 Ke5 74. Bc6 Bb8 75. Ke2 Kd4 76. Kd2 Bc7 1/2-1/2

[Event "33.Schlosspark-Open"]
[Site "Wiesbaden-Biebrich"]
[Date "2024.08.25"]
[Round "6.33"]
[White "Eveleens, Wim"]
[Black "Hoffmann, Christian"]
[Result "1/2-1/2"]
[WhiteElo "1999"]
[BlackElo "1879"]
[PlyCount "113"]
[EventDate "2024.08.22"]
[WhiteTeam "SV Amstel"]
[BlackTeam "SAbt BKA Wiesbaden"]

1. c4 f5 2. g3 Nf6 3. Bg2 g6 4. Nc3 Bg7 5. d3 e5 6. e4 d6 7. Nge2 Nc6 8. O-O O-O 9. Nd5 Be6 10. h3 Qd7 11. Kh2 a5 12. Be3 h5 13. exf5 Bxf5 14. Nec3 Rac8 15. Qd2 Kh7 16. Nxf6+ Bxf6 17. Ne4 Nd4 18. Qxa5 Nc2 19. Rac1 Nxe3 20. Nxf6+ Rxf6 21. fxe3 Rff8 22. e4 Be6 23. Qd2 c5 24. Qg5 Kg7 25. Rxf8 Rxf8 26. b3 Rf2 27. g4 hxg4 28. hxg4 Rxa2 29. Kg3 Bg8 30. Rh1 Bh7 31. Qh6+ Kg8 32. Rf1 Qg7 33. Qg5 Ra8 34. Rf6 Qd7 35. Qh6 Qe7 36. g5 Rf8 37. Rxf8+ Qxf8 38. Qxf8+ Kxf8 39. Kf2 Ke7 40. Ke3 Bg8 41. Kd2 Be6 42. Bf3 Kd8 43. Kc3 Kc7 44. b4 b6 45. Kb3 Bh3 46. Ka4 Bf1 47. bxc5 bxc5 48. Kb5 Bxd3 49. Bg2 Be2 50. Bh1 Bg4 51. Bg2 Bd7+ 52. Ka5 Kc6 53. Bf3 Be6 54. Be2 Bh3 55. Bd3 Bg4 56. Ka6 Bc8+ 57. Ka5 1/2-1/2

[Event "33.Schlosspark-Open"]
[Site "Wiesbaden-Biebrich"]
[Date "2024.08.25"]
[Round "6.34"]
[White "Sreeramulu, Aarush"]
[Black "Schneider, Jörg"]
[Result "1/2-1/2"]
[WhiteElo "1905"]
[BlackElo "1995"]
[PlyCount "74"]
[EventDate "2024.08.22"]
[WhiteTeam "SK Marburg 1931/72"]
[BlackTeam "Sfr.Mainz 1928"]

1. d4 Nf6 2. c4 c5 3. d5 e6 4. Nc3 exd5 5. cxd5 d6 6. e4 g6 7. f4 Bg7 8. Bb5+ Nfd7 9. a4 O-O 10. Nf3 Na6 11. O-O Nb4 12. Be3 Re8 13. Re1 a6 14. Bd3 Nf6 15. h3 Nxd3 16. Qxd3 Nd7 17. Bf2 Rb8 18. Bg3 c4 19. Qxc4 Qb6+ 20. Bf2 Qxb2 21. Bd4 Bxd4+ 22. Qxd4 Qb6 23. Qxb6 Nxb6 24. Rab1 Nc4 25. Rb4 Na3 26. Rb3 Nc4 27. Rb4 Na3 28. Re2 b5 29. axb5 Nxb5 30. Nxb5 Rxb5 31. Rxb5 axb5 32. e5 Kf8 33. Rb2 Ba6 34. Kf2 Rd8 35. Rd2 Bb7 36. Rb2 dxe5 37. Rxb5 Bxd5 1/2-1/2

[Event "33.Schlosspark-Open"]
[Site "Wiesbaden-Biebrich"]
[Date "2024.08.25"]
[Round "6.35"]
[White "Marschner, Thomas"]
[Black "Faßler, Felix"]
[Result "1/2-1/2"]
[WhiteElo "1986"]
[BlackElo "1808"]
[PlyCount "38"]
[EventDate "2024.08.22"]
[WhiteTeam "SVG Eppstein 1932"]
[BlackTeam "SC Fulda"]

1. e4 c6 2. c4 d5 3. cxd5 cxd5 4. exd5 Nf6 5. Bb5+ Nbd7 6. Nc3 g6 7. d4 Bg7 8. d6 O-O 9. Nf3 exd6 10. O-O a6 11. Bd3 b5 12. Bg5 h6 13. Bh4 Bb7 14. Be4 Qb6 15. Bxb7 Qxb7 16. Qd3 Rfe8 17. Rfe1 b4 18. Rxe8+ Rxe8 19. Ne2 Qe4 1/2-1/2

[Event "33.Schlosspark-Open"]
[Site "Wiesbaden-Biebrich"]
[Date "2024.08.25"]
[Round "6.36"]
[White "Wunschik, Joachim"]
[Black "Gentner, Markus"]
[Result "0-1"]
[WhiteElo "1879"]
[BlackElo "1960"]
[PlyCount "46"]
[EventDate "2024.08.22"]
[WhiteTeam "SV Rüsselsheim 1929"]
[BlackTeam "SC Murrhardt 1948 e.V."]

1. d4 Nf6 2. c4 e6 3. Nc3 Bb4 4. Bd2 O-O 5. a3 Bxc3 6. Bxc3 Ne4 7. Qc2 f5 8. g3 b6 9. Bg2 Bb7 10. Nh3 Qe7 11. O-O d6 12. f4 Nd7 13. Rad1 Ndf6 14. Nf2 Nxf2 15. Rxf2 Ne4 16. Rff1 h5 17. e3 h4 18. Bxe4 Bxe4 19. Qe2 Rf6 20. Qh5 Rh6 21. Qg5 Qf7 22. d5 exd5 23. Rd2 Rh5 0-1

[Event "33.Schlosspark-Open"]
[Site "Wiesbaden-Biebrich"]
[Date "2024.08.25"]
[Round "6.37"]
[White "Spiegel, Nina"]
[Black "Mandalka, Justus"]
[Result "0-1"]
[WhiteElo "1685"]
[BlackElo "1981"]
[PlyCount "76"]
[EventDate "2024.08.22"]
[WhiteTeam "Sfr Stiller Zug Wiesbaden"]
[BlackTeam "SK Bad Homburg 1927"]

1. c4 e5 2. Nc3 Nc6 3. g3 Nf6 4. Bg2 Bc5 5. a3 a5 6. e3 O-O 7. Nge2 Re8 8. O-O d6 9. Re1 Bf5 10. d4 exd4 11. exd4 Nxd4 12. Nxd4 Rxe1+ 13. Qxe1 Bxd4 14. Nb5 Bb6 15. Be3 Bxe3 16. Qxe3 Qd7 17. Bxb7 Re8 18. Qf4 Be4 19. Bxe4 Rxe4 20. Qd2 h6 21. b3 a4 22. Nc3 Re5 23. Nxa4 Ne4 24. Qd3 Qh3 25. Nc3 Rh5 26. Qxe4 Qxh2+ 27. Kf1 Qh1+ 28. Ke2 Qxa1 29. Qa8+ Kh7 30. Qe4+ g6 31. Qf3 Rf5 32. Qd3 Qb2+ 33. Kd1 Qxb3+ 34. Ke1 Qxa3 35. g4 Qc1+ 36. Nd1 Rf4 37. Qd5 Qxc4 38. Qd2 Rxg4 0-1

[Event "33.Schlosspark-Open"]
[Site "Wiesbaden-Biebrich"]
[Date "2024.08.25"]
[Round "6.38"]
[White "Frömbgen, Andreas"]
[Black "Calvi, Stefan"]
[Result "1/2-1/2"]
[WhiteElo "1874"]
[BlackElo "1973"]
[PlyCount "142"]
[EventDate "2024.08.22"]
[WhiteTeam "SK Gau-Algesheim"]
[BlackTeam "SV Oberursel"]

1. c4 Nf6 2. g3 c5 3. Bg2 g6 4. Nc3 Bg7 5. e3 O-O 6. Nge2 Nc6 7. a3 d6 8. O-O Rb8 9. Rb1 a5 10. d3 Bd7 11. Nf4 Na7 12. a4 Nc6 13. Ncd5 e6 14. Nxf6+ Qxf6 15. Bd2 Qe7 16. h4 Nb4 17. Bc3 Bc6 18. Bxg7 Kxg7 19. b3 e5 20. Ne2 d5 21. cxd5 Nxd5 22. Qc2 Rbd8 23. Rfd1 b6 24. Qb2 Rfe8 25. Rd2 Kg8 26. Rbd1 Nb4 27. Bxc6 Nxc6 28. Nc3 Rd7 29. Nb5 Red8 30. Qc3 Qe6 31. Na3 f6 32. Qc4 Kf7 33. Qxe6+ Kxe6 34. Nc4 Rb8 35. Na3 f5 36. Kf1 h6 37. Ke2 Nb4 38. f3 Nd5 39. Nb5 Nc7 40. Nxc7+ Rxc7 41. f4 exf4 42. gxf4 b5 43. axb5 Rxb5 44. Ra2 Rc6 45. Rda1 Rxb3 46. Rxa5 Rb2+ 47. Kf3 Rbb6 48. Ra8 Rb3 49. R1a3 Rxa3 50. Rxa3 Kf6 51. Ra8 Rd6 52. Ke2 g5 53. hxg5+ hxg5 54. Rf8+ Ke7 55. Rxf5 gxf4 56. Rxf4 Rh6 57. Kd2 Kd6 58. Ra4 Rh1 59. Ra6+ Kd7 60. e4 Rg1 61. Kc3 Rc1+ 62. Kb3 c4+ 63. dxc4 Re1 64. Kb4 Rxe4 65. Kb5 Kc7 66. Ra7+ Kb8 67. Rg7 Re6 68. c5 Rh6 69. Rd7 Kc8 70. Rg7 Rf6 71. c6 Rf1 1/2-1/2

[Event "33.Schlosspark-Open"]
[Site "Wiesbaden-Biebrich"]
[Date "2024.08.25"]
[Round "6.39"]
[White "Reitz, Philipp"]
[Black "Mohammadzadeh, Daris"]
[Result "1-0"]
[WhiteElo "2039"]
[BlackElo "1843"]
[PlyCount "109"]
[EventDate "2024.08.22"]
[WhiteTeam "VfR-SC Koblenz"]
[BlackTeam "Vorw.Orient Mainz"]

1. Nf3 d5 2. g3 Nf6 3. Bg2 Bg4 4. Ne5 Bh5 5. c4 Nbd7 6. d4 e6 7. Qb3 Bd6 8. Nxd7 Qxd7 9. c5 Be7 10. Qxb7 O-O 11. Qa6 Rfb8 12. O-O Rb4 13. e3 e5 14. a3 Rbb8 15. Nc3 c6 16. b4 e4 17. b5 cxb5 18. Rb1 Ne8 19. Rxb5 Rxb5 20. c6 Rb6 21. Qxb6 axb6 22. cxd7 Nf6 23. Nxd5 Nxd5 24. Bxe4 Ra5 25. Bd2 Rb5 26. Rc1 g6 27. a4 Rb2 28. Bxd5 Rxd2 29. Rc8+ Kg7 30. d8=Q Bxd8 31. Rxd8 Bg4 32. Kg2 Rd1 33. Bf3 Bxf3+ 34. Kxf3 Ra1 35. Rb8 Rxa4 36. Rxb6 Ra2 37. d5 Rd2 38. e4 Kf8 39. Ke3 Rd1 40. Rb2 Ke7 41. Rd2 Ra1 42. f4 h5 43. e5 Ra4 44. Rb2 Rc4 45. Rb7+ Ke8 46. Kd3 Ra4 47. Rc7 Ra2 48. Rc2 Ra4 49. d6 h4 50. Rc8+ Kd7 51. Rc7+ Ke8 52. Re7+ Kf8 53. e6 fxe6 54. Rxe6 hxg3 55. hxg3 1-0

[Event "33.Schlosspark-Open"]
[Site "Wiesbaden-Biebrich"]
[Date "2024.08.25"]
[Round "6.40"]
[White "Neurohr, Jürgen"]
[Black "Schmidt, Jörg"]
[Result "1-0"]
[WhiteElo "1999"]
[BlackElo "1823"]
[PlyCount "83"]
[EventDate "2024.08.22"]
[WhiteTeam "Sfr.Mainz 1928"]
[BlackTeam "SK Niederbrechen 1948"]

1. d4 d5 2. c4 e6 3. Nf3 Nf6 4. g3 c5 5. cxd5 exd5 6. Nc3 cxd4 7. Nxd4 Nc6 8. Bg2 Bb4 9. O-O O-O 10. Nb3 d4 11. Nb5 d3 12. Qxd3 Qxd3 13. exd3 Bf5 14. Rd1 h6 15. Be3 Rfd8 16. N5d4 Nxd4 17. Nxd4 Bg4 18. Bxb7 Rab8 19. Nc6 Rd7 20. Nxb8 Rxb7 21. Nc6 Bxd1 22. Rxd1 Bd6 23. b3 a6 24. Na5 Rc7 25. Nc4 Be7 26. Kf1 Nd5 27. d4 g5 28. Bd2 f5 29. Ke2 f4 30. gxf4 gxf4 31. Kf3 Bg5 32. Re1 Kf7 33. Re5 Rd7 34. Re4 Kf6 35. Kg4 h5+ 36. Kf3 Ne7 37. Bxf4 Bxf4 38. Rxf4+ Kg7 39. Ke4 Ng6 40. Rf5 Re7+ 41. Ne5 h4 42. Rg5 1-0

[Event "33.Schlosspark-Open"]
[Site "Wiesbaden-Biebrich"]
[Date "2024.08.25"]
[Round "6.41"]
[White "Muller-Moingt, Bastien"]
[Black "Meding, Olaf"]
[Result "1-0"]
[WhiteElo "1957"]
[BlackElo "1856"]
[PlyCount "59"]
[EventDate "2024.08.22"]
[WhiteTeam "OSG Baden-Baden"]
[BlackTeam "Sfr.Mainz 1928"]

1. e4 c5 2. Nf3 e6 3. c3 d5 4. e5 Nc6 5. d4 Bd7 6. Bd3 Qb6 7. Bc2 cxd4 8. cxd4 Rc8 9. Nc3 Be7 10. O-O f6 11. Re1 f5 12. Bxf5 Kd8 13. Bh3 h6 14. Na4 Qb5 15. Nc3 Qb6 16. Qd3 Bf8 17. a3 Nge7 18. Na4 Qa5 19. Nc5 Kc7 20. Bd2 Qb6 21. Nxe6+ Bxe6 22. Bxe6 Rd8 23. b4 Nxb4 24. axb4 Qxe6 25. Rxa7 Nc6 26. Ra4 Rb8 27. b5 Ne7 28. Rc1+ Kd7 29. Ba5 Ng6 30. Qc2 1-0

[Event "33.Schlosspark-Open"]
[Site "Wiesbaden-Biebrich"]
[Date "2024.08.25"]
[Round "6.42"]
[White "Feick, Claas Marten"]
[Black "Dauster, Ronald"]
[Result "1/2-1/2"]
[WhiteElo "1811"]
[BlackElo "1950"]
[PlyCount "61"]
[EventDate "2024.08.22"]
[WhiteTeam "SF Neuberg"]
[BlackTeam "FT Schierstein"]

1. e4 d5 2. exd5 Qxd5 3. Nc3 Qd6 4. d4 Nf6 5. Nf3 c6 6. Be2 g6 7. O-O Bg7 8. Re1 O-O 9. Ne5 c5 10. Nb5 Qb6 11. Be3 Nd5 12. dxc5 Nxe3 13. cxb6 Nxd1 14. Bxd1 axb6 15. Nc4 Ra4 16. Nxb6 Rb4 17. Nxc8 Rxc8 18. a4 Rxb2 19. Ra3 Rb1 20. Kf1 Kf8 21. Rd3 Rb4 22. c3 Rbc4 23. Bb3 R4c5 24. Red1 Bf6 25. Na7 Re8 26. Nb5 Rec8 27. Rd8+ Kg7 28. Rxc8 Rxc8 29. Bd5 Nc6 30. Bxc6 Rxc6 31. Rb1 1/2-1/2

[Event "33.Schlosspark-Open"]
[Site "Wiesbaden-Biebrich"]
[Date "2024.08.25"]
[Round "6.43"]
[White "Fröhlich-Dill, Astrid"]
[Black "Faulhaber, Tobias"]
[Result "0-1"]
[WhiteElo "1794"]
[BlackElo "1931"]
[PlyCount "96"]
[EventDate "2024.08.22"]
[WhiteTeam "SV 1920 Hofheim"]
[BlackTeam "SC Schifferstadt"]

1. d4 d5 2. c4 e6 3. Nc3 Nf6 4. Bg5 Be7 5. e3 O-O 6. Nf3 Re8 7. Bd3 dxc4 8. Bxc4 c5 9. O-O Nc6 10. Bb5 a6 11. Bxc6 bxc6 12. Ne5 Bb7 13. Qf3 cxd4 14. Rfd1 Qc7 15. exd4 c5 16. Qg3 cxd4 17. Rxd4 Nh5 18. Qe3 Bc5 19. Rc4 Rac8 20. Qe2 f6 21. b4 Bxf2+ 22. Kxf2 Qxe5 23. Qxe5 fxe5 24. Rc5 Nf4 25. Bxf4 exf4 26. Ne2 e5 27. Rac1 Kf7 28. Rc7+ Rxc7 29. Rxc7+ Re7 30. Rc5 Kf6 31. a4 g5 32. h3 Rd7 33. b5 axb5 34. Rxb5 e4 35. a5 e3+ 36. Kg1 Rd1+ 37. Kh2 Rd2 38. Rxb7 Rxe2 39. a6 Ra2 40. Rb1 Rxa6 41. Re1 Ra2 42. Kg1 Kf5 43. g3 Ke4 44. gxf4 gxf4 45. Rb1 Kf3 46. Rf1+ Kg3 47. Re1 f3 48. Kf1 e2+ 0-1

[Event "33.Schlosspark-Open"]
[Site "Wiesbaden-Biebrich"]
[Date "2024.08.25"]
[Round "6.44"]
[White "Brechlin, Olaf"]
[Black "Denninger, David"]
[Result "1/2-1/2"]
[WhiteElo "1917"]
[BlackElo "1787"]
[PlyCount "41"]
[EventDate "2024.08.22"]
[WhiteTeam "FVS ASP Hoyerswerda"]
[BlackTeam "SC JÄKLECHEMIE Talente Franken e"]

1. Nc3 g6 2. e4 Bg7 3. Bc4 d6 4. f4 e6 5. Nf3 Ne7 6. O-O c5 7. d3 Nbc6 8. Ne2 Qb6 9. Kh1 Bd7 10. c3 Na5 11. Bb3 Nxb3 12. axb3 O-O 13. Be3 Qc7 14. d4 b6 15. Rc1 Qb7 16. Ng3 Bc6 17. Qd3 Rad8 18. f5 exf5 19. exf5 Nd5 20. Bg5 Nf6 21. Qd2 1/2-1/2

[Event "33.Schlosspark-Open"]
[Site "Wiesbaden-Biebrich"]
[Date "2024.08.25"]
[Round "6.45"]
[White "Stehning, Toni"]
[Black "Reink, Geerhard"]
[Result "1/2-1/2"]
[WhiteElo "1857"]
[BlackElo "1762"]
[PlyCount "100"]
[EventDate "2024.08.22"]
[WhiteTeam "SF Braunfels"]
[BlackTeam "Fischer Z"]

1. e4 c5 2. Nf3 d6 3. d4 cxd4 4. Nxd4 Nf6 5. Nc3 a6 6. h3 b5 7. Bd3 Bb7 8. a3 e6 9. O-O Be7 10. Re1 Nbd7 11. Nb3 O-O 12. f4 Rc8 13. g4 Nc5 14. Nxc5 dxc5 15. g5 Nd7 16. e5 c4 17. Be4 Bc5+ 18. Kh2 Bxe4 19. Nxe4 Qc7 20. Be3 Be7 21. Bd4 Rfd8 22. Qg4 Nf8 23. c3 Qb7 24. h4 a5 25. Rab1 Rb8 26. Qg2 b4 27. h5 bxa3 28. bxa3 Qxb1 29. Rxb1 Rxb1 30. Bc5 Bxc5 31. Nxc5 Rbd1 32. Ne4 R8d5 33. Kh3 R1d3+ 34. Kh4 Kh8 35. h6 gxh6 36. gxh6 Ng6+ 37. Kg5 f5 38. Nc5 Rd2 39. Qf3 Nf8 40. Qe3 Rg2+ 41. Kf6 Kg8 42. Ke7 Rg6 43. Ke8 Rxh6 44. Nb7 Rg6 45. Nd6 Rg7 46. Qb6 Rd7 47. Qg1+ Rg7 48. Qb6 Rd7 49. Qg1+ Rg7 50. Qb6 Rd7 1/2-1/2

[Event "33.Schlosspark-Open"]
[Site "Wiesbaden-Biebrich"]
[Date "2024.08.25"]
[Round "6.46"]
[White "Stehning, Ralf"]
[Black "Fang, Borui"]
[Result "1-0"]
[WhiteElo "1912"]
[BlackElo "1720"]
[PlyCount "47"]
[EventDate "2024.08.22"]
[WhiteTeam "SF Braunfels"]
[BlackTeam "SV Oberursel"]

1. d4 d5 2. Nf3 Nf6 3. e3 e6 4. Bd3 c5 5. b3 Nc6 6. a3 Bd6 7. Bb2 O-O 8. Ne5 Bxe5 9. dxe5 Nd7 10. f4 b6 11. Qh5 g6 12. Qh6 Bb7 13. Nd2 d4 14. Ne4 f5 15. Nd6 Rb8 16. h4 Qe7 17. h5 Qg7 18. Qg5 dxe3 19. Bc4 Nd8 20. O-O-O gxh5 21. Qxh5 Qg6 22. Qh4 Nf7 23. Rh3 Nxd6 24. Rxd6 1-0

[Event "33.Schlosspark-Open"]
[Site "Wiesbaden-Biebrich"]
[Date "2024.08.25"]
[Round "6.47"]
[White "Mönch, Dorothée"]
[Black "Schubert, Wolfgang"]
[Result "1-0"]
[WhiteElo "1789"]
[BlackElo "1894"]
[PlyCount "125"]
[EventDate "2024.08.22"]
[WhiteTeam "Sfr.Mainz 1928"]
[BlackTeam "Hannover"]

1. c4 c6 2. Nc3 d5 3. d4 Nf6 4. cxd5 cxd5 5. Nf3 e6 6. Bg5 Be7 7. e3 a6 8. Bd3 Nbd7 9. O-O b5 10. Rc1 Bb7 11. Re1 Rc8 12. Ne2 O-O 13. Rxc8 Qxc8 14. Qd2 Bd6 15. Rc1 Qb8 16. g3 Rc8 17. Bf4 Rxc1+ 18. Qxc1 g6 19. Nd2 Bxf4 20. Nxf4 Qd6 21. f3 Kg7 22. Nb3 e5 23. Ng2 e4 24. Be2 h5 25. f4 Ne8 26. Qc3 Qc7 27. Qxc7 Nxc7 28. Na5 Ba8 29. Ne1 Kf6 30. Nc2 Ke6 31. g4 hxg4 32. Bxg4+ f5 33. Be2 Kd6 34. Kf2 Nf8 35. b4 Ne8 36. Na1 Kc7 37. N1b3 Ne6 38. h4 Nf6 39. Nd2 Bc6 40. Nf1 Be8 41. Ng3 Ng7 42. Nb3 Ne6 43. Ke1 Kd6 44. h5 Ke7 45. hxg6 Bxg6 46. Nc5 Nxc5 47. bxc5 Kd7 48. Kd2 Kc6 49. a4 Ne8 50. Kc3 Nc7 51. Kb4 bxa4 52. Kxa4 Kb7 53. Ka5 Ka7 54. Bf1 Ne6 55. Bxa6 Nc7 56. Bf1 Ne6 57. Bh3 Ng7 58. c6 Kb8 59. Kb6 Kc8 60. Kc5 Kc7 61. Kxd5 Be8 62. Kc5 Ne6+ 63. Kc4 1-0

[Event "33.Schlosspark-Open"]
[Site "Wiesbaden-Biebrich"]
[Date "2024.08.25"]
[Round "6.48"]
[White "Donecker, Stefan"]
[Black "Froitzheim, Ralf"]
[Result "1/2-1/2"]
[WhiteElo "1770"]
[BlackElo "1891"]
[PlyCount "23"]
[EventDate "2024.08.22"]
[WhiteTeam "SAbt TuS Dotzheim"]
[BlackTeam "SG Niederkassel"]

1. e4 c6 2. Nc3 d5 3. Qf3 dxe4 4. Nxe4 Nf6 5. Nxf6+ exf6 6. Bd3 Nd7 7. Qe2+ Qe7 8. Bf5 Qxe2+ 9. Nxe2 g6 10. Bxd7+ Bxd7 11. b3 Be7 12. Bb2 1/2-1/2